000 00776nam a22002057a 4500
003 AM-YeHGA
040 _aAM-YeHGA
090 _c442713
005 20250617155822.0
008 191024s1959 ru ||||| |||| 00| 0 rus d
041 0 _arus
100 1 _aСпивак, Вениамин Михайлович
245 0 0 _aОчерки истории Калужской организации КПСС /
_cВ. М. Спивак, П. А. Шуркин
260 _aКалуга :
_bКн. изд-во,
_c1959.
300 _aчасть
505 1 0 _gЧ. 1 (1959, 246 с. ил.):
_t(90-е гг. XIX в. - 1918 г.)
650 1 4 _aКПСС - История
_xКалужская организация
700 1 _aШуркин, Павел Андреевич
942 _2udc
_cBK
999 _c439946
_d439946